| 000 | 00565nam a2200205Ia 4500 | ||
|---|---|---|---|
| 008 | 160803s9999 xx 000 0 und d | ||
| 020 | _a0 590275984 | ||
| 100 | _aGibson, Akimi | ||
| 245 | _aThere's a hole in my pocket : | ||
| 245 | _bbased on a traditional American song / | ||
| 245 | _cadapted by Akimi Gibson ; pictures by Jeni Bassett. | ||
| 260 | _aNew York : | ||
| 260 | _bScholastic Inc. | ||
| 260 | _c1994 | ||
| 300 | _a16 pages : | ||
| 300 | _bcolor illustrations ; | ||
| 300 | _c24 cm. | ||
| 650 | _aFolk songs, English. | ||
| 700 | _aBR | ||
| 999 |
_c299351 _d299351 |
||